000 00331nab a22001097u 4500
008 130520b1989 xxu||||| |||| 00| 0 spa d
041 _aspa
100 1 _aStone, R. M.
_967462
245 0 0 _aSonido y ritmo en el ritual colectivo de Arabia
_cR. M. Stone
773 0 _tConcilium
_gV.1,1989,págs.259-269
_x0210-1041
_wRev134
942 _cAR
999 _c355476
_d355476